The Cure: In Between Days Lyrics - Statistics

General Stats
  • This quiz has been taken 16 times
  • The average score is 93 of 107
Answer Stats
lyrics % Correct
a
100%
away.
100%
away
100%
choice
100%
Go on
100%
go on
100%
got
100%
I
100%
just
100%
like
100%
old
100%
so
100%
walk
100%
Yesterday
100%
and
91%
And
91%
be
91%
could
91%
cry.
91%
die.
91%
felt
91%
from
91%
her
91%
is
91%
it
91%
made
91%
me
91%
me.
91%
to
91%
true
91%
want
91%
was
91%
when
91%
without
91%
you
91%
you.
91%
your
91%
couldn't
82%
know
82%
between
73%
disappear
73%
don't
73%
here.
73%
in
73%
said
73%
shivered
73%
that
73%
wrong
73%
Come back
64%
come back
64%
deep
64%
inside.
64%
can't
55%
child.
55%
scared
55%
see?
55%
why
55%
today
45%
froze
18%
No matching quizzes found
Score Distribution
Percent of People with Each Score
Percentile by Number Answered
Your Score History
You have not taken this quiz